| 000 | 00498nam a2200145Ia 4500 | ||
|---|---|---|---|
| 008 | 220217s9999 xx 000 0 und d | ||
| 100 | _aSabitha Anand | ||
| 245 | 0 | _aIsolation and characterisation of a laticiferous specific promoter of 3-hydroxy-3-methyl glutaryl-coenzyme A reductase gene from Hevea brasiliensis | |
| 260 |
_bKannur University _a Kannur _c2005 |
||
| 300 | _a55 | ||
| 500 | _aAvailable at Biotechnology | ||
| 500 | _aCourse: M.Sc. | ||
| 700 | _aDr A Thulaseedharan | ||
| 942 | _cTS | ||
| 999 |
_c74234 _d74234 |
||